Eugénie Grandet / (Record no. 526)

MARC details
000 -LÍDER
campo de controle de tamanho fixo 01327nam a22003134a 4500
001 - NÚMERO DE CONTROLE
campo de controle 526
003 - IDENTIFICADOR DO NÚMERO DE CONTROLE
campo de controle BR-RjBN
005 - DATA E HORÁRIO DA ÚLTIMA TRANSAÇÃO
campo de controle 20260525085916.0
008 - CAMPO DE DADOS FIXOS--INFORMAÇÃO GERAL
campo de controle de tamanho fixo 980101s1998 rj 000 f por d
020 ## - ISBN - INTERNATIONAL STANDARD BOOK NUMBER
ISBN - International Standard Book Number 8574020338
040 ## - FONTE DA CATALOGAÇÃO
Idioma da catalogação por
041 1# - CÓDIGO DE IDIOMA
Código do idioma do texto/trilha sonora ou título diferente por
Código do idioma do original e/ou traduções intermediárias do texto fre
082 ## - CDD - CLASSIFICAÇÃO DECIMAL DE DEWEY
Número de Classificação 843
Número do exemplar B198e
100 1# - ENTRADA PRINCIPAL--NOME PESSOAL
Nome pessoal Balzac, Honoré de,
Datas associadas ao nome 1799-1850.
240 10 - TÍTULO UNIFORME
Título uniforme Eugénie Grandet.
245 10 - TÍTULO
Título Eugénie Grandet /
Indicação de responsabilidade, etc. Honoré de Balzac ; tradução de Moacyr Werneck de Castro.
260 ## - PUBLICAÇÃO, DISTRIBUIÇÃO, ETC.
Local de publicação, distribuição, etc. Rio de Janeiro :
Nome do editor, distribuidor, etc. Ediouro ;
Local de publicação, distribuição, etc. São Paulo :
Nome do editor, distribuidor, etc. Publifolha,
Data da publicação, distribuição, etc. 1998.
300 ## - DESCRIÇÃO FÍSICA
Extensão -- p. ;
490 1# - TÍTULO DA SÉRIE
Título da série Biblioteca Folha : clássicos da literatura universal
520 ## - NOTA DE RESUMO, ETC.
Resumo, etc. Clássico da literatura francesa, o romance acompanha a vida de Eugénie Grandet, jovem criada em uma família dominada pela avareza do pai, Félix Grandet. Em meio aos conflitos familiares, interesses financeiros e relações sociais da França do século XIX, Balzac constrói uma crítica à ambição e ao materialismo, explorando sentimentos como amor, sacrifício e desilusão.
650 #0 - ASSUNTO--TERMO TÓPICO
Cabeçalho tópico ou nome geográfico Literatura francesa.
9 (RLIN) 122
650 #0 - ASSUNTO--TERMO TÓPICO
Cabeçalho tópico ou nome geográfico Romance.
650 #0 - ASSUNTO--TERMO TÓPICO
Cabeçalho tópico ou nome geográfico Crítica social.
9 (RLIN) 514
650 #0 - ASSUNTO--TERMO TÓPICO
Cabeçalho tópico ou nome geográfico Família.
9 (RLIN) 35
655 #0 - TERMO DE ÍNDICE--GÊNERO E FORMA
Gênero/forma/ou termo foco Ficção clássica.
655 #0 - TERMO DE ÍNDICE--GÊNERO E FORMA
Gênero/forma/ou termo foco Ficção.
700 1# - ENTRADA ADICIONADA - NOME PESSOAL
Nome pessoal Castro, Moacyr Werneck de,
Função do autor por extenso trad.
942 ## - ELEMENTOS DE ENTRADA ADICIONADOS (KOHA)
Fonte de classificação ou esquema de arquivamento Classificação decimal de Dewey
Ocultar no OPAC Não
Tipo de material Koha Livros
Holdings
Situação do descarte Situação das perdas Fonte de classificação ou esquema de arquivamento Status danificado Não pode ser emprestado Coleção Biblioteca de origem Biblioteca atual Localização na estante Data de aquisição Fonte de aquisição Total de empréstimos Número de chamada completo Código de barras Data de último acesso Data do preço efetivo Tipo de material Koha
    Classificação decimal de Dewey     Ficção Biblioteca Professor Eduardo Afonso de Castro Biblioteca Professor Eduardo Afonso de Castro Literatura Estrangeira 25.05.2026 doação   843 / B198e 2026-17462 25.05.2026 25.05.2026 Livros

Powered by Koha